| 000 | 00585nam a2200217Ia 4500 | ||
|---|---|---|---|
| 003 | OSt | ||
| 005 | 20230330144853.0 | ||
| 008 | 210423s2005 xx 000 0 und d | ||
| 040 | _cAL | ||
| 041 | _aeng | ||
| 082 |
_a659.2 _223 _bWATT |
||
| 100 |
_aWATSON (Tom);NOBLE (Paul) _980281 |
||
| 245 | _aEvaluating public relations | ||
| 260 |
_aLondon _bKogan Page Ltd _c2005 |
||
| 300 | _avii,213 | ||
| 365 |
_b325 _cINR |
||
| 650 |
_aManagement & Auxiliary Services 650 _980282 |
||
| 650 |
_aPublic Relations _980283 |
||
| 906 | _aEvaluating ; public ; relations | ||
| 942 |
_2ddc _cBK |
||
| 999 |
_c156598 _d156598 |
||